000 00418nam a2200157 a 4500
005 20240612123101.0
008 240612t2018 my ||||| |||| 00| 0 may d
040 _aAKMAL
082 0 0 _a899.2333 HAN
090 0 0 _a899.2333
_bHAN
245 1 0 _aKerana Cinta Teragung /
_cHana (HE)
260 0 0 _aTerengganu:
_bHE Dynamic Enterprise
_c2018
300 _a337p. :
_bill. ;
_c18cm
650 0 0 _aMalay fiction
942 _2ddc
_cBOOK
999 _c5003
_d5003